000 00547 a2200181 4500
999 _c30177
_d30177
003 NUST
005 20180118120155.0
008 180118b xxu||||| |||| 00| 0 eng d
020 _a9788131715529
020 _a9788131715529
082 _a519.02462
100 1 _aWalpole, Ronald E.
_98669
245 1 0 _aProbability and statistics for engineers and scientists /
_cRonald E. Walpole, Raymond H. Myers, Sharon L. Myers.
250 _a8th Ed.
260 _aNew Delhi
_bPearson Education
_c2011.
300 _a665 p. ;
_c24 cm.
700 1 _aMyers, Raymond H.
_98670
700 1 _aMyers, Sharon L.
_98671
942 _aSNS
_cBK
_k519.02462 WAL
_2ddc